000 00915nam a2200253 a 4500
001 35029
003 BD-RjUL
005 20211209052241.0
008 140520s1986 ii a b s001 0 eng
020 _a0861316932
035 _a(BD-RjUL)35123
040 _aDLC
_cDLC
_dBD-RjUL
_beng
041 _aeng
082 0 0 _a305.5122095414
_220
_bDAC 1993
100 1 _aDasgupta, Satadal,
_d1937-
_9106678
245 1 0 _aCaste, kinship, and community :
_bsocial system of a Bengal caste /
_cSatadal Dasgupta.
260 _aMadras :
_bUniversities Press ;
_aHyderabad, India :
_bDistributed by Orient Longman,
_c1986 [Reprinted 1993]
300 _axii, 291 p. :
_bill. ;
_c23 cm.
504 _aIncludes bibliographical references (p. [283]-286).
520 _aWith reference to the Dule Bagdis, cultivating and fishing caste in West Bengal.
650 0 _aBagdis.
_9106679
942 _2ddc
_cBK
999 _c35029
_d35029